20 Biggest Cities in the USA on a Map - Statistics

General Stats
  • This quiz has been taken 13,962 times
  • The average score is 17 of 20
Answers on the Map
Answers color-coded by a green-red scale on the quiz's map according to % correct below.
 
Answer Stats
Population City % Correct
13,262,000 Los Angeles
98%
20,093,000 New York City
98%
5,930,000 Miami
96%
9,555,000 Chicago
95%
4,594,000 San Francisco
94%
4,732,000 Boston
92%
6,954,000 Dallas
92%
6,490,000 Houston
92%
3,671,000 Seattle
91%
6,034,000 Washington, DC
90%
3,263,000 San Diego
88%
5,614,000 Atlanta
87%
4,297,000 Detroit
86%
6,051,000 Philadelphia
86%
4,489,000 Phoenix
86%
3,495,000 Minneapolis
74%
2,916,000 Tampa
74%
2,786,000 Baltimore
69%
2,806,000 St. Louis
63%
4,442,000 Riverside - San Bernardino
31%
No matching quizzes found
Score Distribution
Percent of People with Each Score
Percentile by Number Answered
Your Score History
You have not taken this quiz